11-09-2001 / (Record no. 42576)

MARC details
000 -LEADER
campo de control de longitud fija 01115nam a2200337 i 4500
001 - NÚMERO DE CONTROL
campo de control 42576
003 - IDENTIFICADOR DE NÚMERO DE CONTROL
campo de control ES-MaACL
005 - FECHA Y HORA DE LA ÚLTIMA TRANSACCIÓN
campo de control 20250830085955.0
007 - CAMPO FIJO DE DESCRIPCIÓN FÍSICA--INFORMACIÓN GENERAL
campo de control de longitud fija t|
008 - DATOS DE LONGITUD FIJA--INFORMACIÓN GENERAL
campo de control de longitud fija 030407s2002 sp |||| | spa j
017 ## - NÚMERO DE COPYRIGHT O DE DEPÓSITO LEGAL
Número de copyright o de depósito legal B 1616-2002
Agencia que asigna Oficina Depósito Legal Barcelona
020 ## - NÚMERO INTERNACIONAL ESTÁNDAR DEL LIBRO
Número Internacional Estándar del Libro 847901802X
040 ## - FUENTE DE CATALOGACIÓN
Centro/agencia transcriptor ES-MaACL
080 ## - NÚMERO DE LA CLASIFICACIÓN DECIMAL UNIVERSAL
Número de la Clasificación Decimal Universal 323.28(73)
080 ## - NÚMERO DE LA CLASIFICACIÓN DECIMAL UNIVERSAL
Número de la Clasificación Decimal Universal 929 Chomsky, Noam (047.53)
100 1# - ENTRADA PRINCIPAL--NOMBRE DE PERSONA
Nombre de persona Chomsky, Noam,
Fechas asociadas al nombre 1928-
9 (RLIN) 38607
Término indicativo de función/relación Autor
240 ## - TÍTULO UNIFORME
Título uniforme 9-11
245 10 - MENCIÓN DEL TÍTULO
Título 11-09-2001 /
Mención de responsabilidad, etc. Noam Chomsky ; traducción de Carmen Aguilar.
250 ## - MENCION DE EDICION
Mención de edición Segunda edición
260 ## - PUBLICACIÓN, DISTRIBUCIÓN, ETC.
Lugar de publicación, distribución, etc. Barcelona :
Nombre del editor, distribuidor, etc. RBA,
Fecha de publicación, distribución, etc. 2002.
300 ## - DESCRIPCIÓN FÍSICA
Extensión 141 páginas ;
Dimensiones 22 cm.
600 14 - PUNTO DE ACCESO ADICIONAL DE MATERIA--NOMBRE DE PERSONA
Nombre de persona Chomsky, Noam,
Fechas asociadas al nombre 1928-
Subdivisión de forma Entrevistas
9 (RLIN) 38608
650 #7 - PUNTO DE ACCESO ADICIONAL DE MATERIA--TÉRMINO DE MATERIA
Término de materia o nombre geográfico como elemento de entrada Atentados del 11 de septiembre, Estados Unidos, 2001
Fuente del encabezamiento o término embne
9 (RLIN) 10401
650 #7 - PUNTO DE ACCESO ADICIONAL DE MATERIA--TÉRMINO DE MATERIA
Término de materia o nombre geográfico como elemento de entrada Entrevistas
9 (RLIN) 233598
Fuente del encabezamiento o término embne
700 1# - ENTRADA AGREGADA--NOMBRE PERSONAL
Nombre de persona Aguilar, Carmen
9 (RLIN) 18685
Término indicativo de función/relación Traductor
852 ## - LOCALIZACIÓN
Ubicación ES-MaACL
Número de control de estantería L-26211
itemnumber 44151
Ubicación en estantería Depósito 2
Sublocalización o colección R.131391
Encuadernación Encuadernación rústica con solapas
942 ## - ELEMENTOS DE ENTRADA SECUNDARIOS (KOHA)
Tipo de ítem Koha Libro impreso
Suprimir en OPAC No
Holdings
Estatus retirado Estado de pérdida Estado de daño No para préstamo Biblioteca de origen Biblioteca actual Ubicación en estantería Fecha de adquisición Fuente de adquisición Total de préstamos Signatura topográfica completa Código de barras Visto por última vez Precio de reemplazo Tipo de ítem Koha
        Biblioteca del Ateneo de Madrid Biblioteca del Ateneo de Madrid Depósito 2 17/01/2008     L-26211 1044820 23/02/2023 23/02/2023 Libro impreso